Populorum progressio : carta Encíclica de su Santidad Pablo VI, sobre el desarrollo de los pueblos.

Guardado en:
Autor Corporativo: Iglesia Católica. Papa (1963-1978 : Pablo VI).
Formato: Libro
Idioma:Spanish
Publicado: Buenos Aires : Ediciones Paulinas, 1979.
Edición:7a. ed.
Materias:
Etiquetas: Agregar Etiqueta
Sin Etiquetas, Sea el primero en etiquetar este registro!
LEADER 00620nam a22001695 4500
001 EAD.ead002142
008 080718s1979####ag############000#0#spa#d
005 20230516115842.0
245 1 0 |a Populorum progressio :  |b carta Encíclica de su Santidad Pablo VI, sobre el desarrollo de los pueblos. 
250 |a 7a. ed. 
260 |a Buenos Aires :  |b Ediciones Paulinas,  |c 1979. 
300 |a 63 p. ;  |c 15 cm. 
110 2 |a Iglesia Católica.  |b Papa (1963-1978 : Pablo VI). 
082 0 4 |a 262.91 
650 7 |a Encíclicas.  |2 unbist 
650 7 |a Desarrollo humano.  |2 isoc 
859 |a AR-BaBDC  |b BIB. ADMINISTRACION GABCOOP - Libros  |h 262.91  |i P112a7  |p g00563